000 02689cam a2200397 i 4500
001 17970535
003 NUST
005 20220414125559.0
008 131212s2014 nyu 000 1 eng
010 _a 2013047624
020 _a9780525953494 (hardback)
038 _awaseem
040 _aDLC
_beng
_cDLC
_erda
_dDLC
042 _apcc
050 0 0 _aPS3553.O225
_bM58 2014
082 0 0 _a813.54
_bCOB
084 _aFIC031000
_aFIC030000
_aFIC000000
_2bisacsh
100 1 _aCoben, Harlan,
_d1962-
_97572
245 1 0 _aMissing you /
_cHarlan Coben.
264 1 _aNew York, New York :
_bDutton,
_c[2014]
300 _a399 pages ;
_c24 cm
336 _atext
_2rdacontent
337 _aunmediated
_2rdamedia
338 _avolume
_2rdacarrier
520 _a"From #1 New York Times bestselling author Harlan Coben, a heart-pounding thriller about the ties we have to our past...and the lies that bind us together. It's a profile, like all the others on the online dating site. But as NYPD Detective Kat Donovan focuses on the accompanying picture, she feels her whole world explode, as emotions she's ignored for decades come crashing down on her. Staring back at her is her ex-fiance; Jeff, the man who shattered her heart-and who she hasn't seen in 18 years. Kat feels a spark, wondering if this might be the moment when past tragedies recede and a new world opens up to her. But when she reaches out to the man in the profile, her reawakened hope quickly darkens into suspicion and then terror as an unspeakable conspiracy comes to light, in which monsters prey upon the most vulnerable. As the body count mounts and Kat's hope for a second chance with Jeff grows more and more elusive, she is consumed by an investigation that challenges her feelings about everyone she ever loved-her former fiance;, her mother, and even her father, whose cruel murder so long ago has never been fully explained. With lives on the line, including her own, Kat must venture deeper into the darkness than she ever has before, and discover if she has the strength to survive what she finds there"--
_cProvided by publisher.
563 _aHBK.
650 0 _aWomen detectives
_vFiction.
_990955
650 7 _aFICTION / Thrillers.
_2bisacsh
_922571
650 7 _aFICTION / Suspense.
_2bisacsh
_922570
650 7 _aFICTION / General.
_2bisacsh
_990956
655 7 _aSuspense fiction.
_2gsafd
856 4 2 _3Cover image
_uftp://ppftpuser:welcome@ftp01.penguingroup.com/Booksellers and Media/Covers/2008_2009_New_Covers/9780525953494.jpg
906 _a7
_bcbc
_corignew
_d1
_eecip
_f20
_gy-gencatlg
942 _2ddc
_cBK
999 _c589159
_d589159